Channel Islands on a Map - Statistics

General Stats
  • This quiz has been taken 1,218 times
  • The average score is 4 of 7
Answers on the Map
Answers color-coded by a green-red scale on the quiz's map according to % correct below.
 
Answer Stats
Island Pop. % Correct
Bailiwick of Jersey Jersey 107,800
99%
Bailiwick of Guernsey Guernsey 62,792
96%
Bailiwick of Guernsey Sark 492 [2]
52%
Bailiwick of Guernsey Alderney 2,039 [1]
49%
Bailiwick of Guernsey Herm 60? [3]
30%
Bailiwick of Guernsey Jethou 3? [4]
19%
Bailiwick of Guernsey Brecqhou ?
18%
No matching quizzes found
Score Distribution
Percent of People with Each Score
Percentile by Number Answered
Your Score History
You have not taken this quiz